=LDR 00000nam 2200000 4500 =001 INLIS000000000022392 =005 20130612121143 =008 ***********************************Ing** =035 ##$$0010-061300000022392 =041 ##$$a Ing =082 ##$$a 814 =090 ##$$a 814, Bea-t =100 ##$$a Beal, Richard S =245 ##$$a Thought In Prose, Richard S. Beal ; Jacob Korg =260 ##$$a 1966 $b Washington =300 ##$$a xiii, 685 hlm., 21 cm =650 ##$$a Sastra - Amerika =850 ##$$a NBPNMAT =990 ##$$a 0001/BPAP-NTB/2015